Southville International School and Colleges
Your cart is empty.
  • Cart
  • Lists
    Public lists Eva Luna New books Lux_list list_1
    Your lists Log in to create your own lists
  • Log in to your account
  • Your cookies
  • Search history
Southville International School and Colleges
  • Advanced search
  • Recent comments
  • Most popular
  • Libraries

Log in to your account

Log in with GOOGLE


If you do not have an external account, but do have a local account, you can still log in:

  1. Home
  2. MARC view: Ward no. 6 and other stories /
Normal view MARC view ISBD view

Ward no. 6 and other stories / (Record no. 368641)

[ view plain ]
MARC details
000 -LEADER
fixed length control field 00752nam a22002177a 4500
003 - CONTROL NUMBER IDENTIFIER
control field 0
005 - DATE AND TIME OF LATEST TRANSACTION
control field 20251114110810.0
008 - FIXED-LENGTH DATA ELEMENTS--GENERAL INFORMATION
fixed length control field 251114b xxu||||| |||| 00| 0 eng d
020 ## - INTERNATIONAL STANDARD BOOK NUMBER
International Standard Book Number 1-59308-003-4
050 ## - LIBRARY OF CONGRESS CALL NUMBER
Classification number PG 3456
Item number .C44 2003
100 ## - MAIN ENTRY--PERSONAL NAME
Personal name Chekhov, Anton,
Relator term author.
245 ## - TITLE STATEMENT
Title Ward no. 6 and other stories /
Statement of responsibility, etc Anton Chekhov.
260 ## - PUBLICATION, DISTRIBUTION, ETC. (IMPRINT)
Place of publication, distribution, etc New York, NY :
Name of publisher, distributor, etc Barnes & Noble Classics,
Date of publication, distribution, etc 2003.
300 ## - PHYSICAL DESCRIPTION
Extent xxviii, 371 pages ;
Dimensions 21 cm.
504 ## - BIBLIOGRAPHY, ETC. NOTE
Bibliography, etc Includes bibliographical references.
600 ## - SUBJECT ADDED ENTRY--PERSONAL NAME
Personal name Chekhov, Anton Pavlovich, 1860–1904
General subdivision Translations into English.
650 ## - SUBJECT ADDED ENTRY--TOPICAL TERM
Topical term or geographic name as entry element Literary collections.
650 ## - SUBJECT ADDED ENTRY--TOPICAL TERM
Topical term or geographic name as entry element Short stories, Russian
General subdivision Translations into English.
650 ## - SUBJECT ADDED ENTRY--TOPICAL TERM
Topical term or geographic name as entry element Russia
General subdivision Social life and customs
Form subdivision Fiction.
942 ## - ADDED ENTRY ELEMENTS (KOHA)
Source of classification or shelving scheme Library of Congress Classification
Koha item type Books
Holdings
Withdrawn status Lost status Source of classification or shelving scheme Damaged status Home library Current library Shelving location Date acquired Source of acquisition Sub Shelving location Total Checkouts Full call number Barcode Date last seen Price effective from Koha item type
    Library of Congress Classification   College Library College Library Fiction Section 08/01/2024 Donation     PG 3456 .C44 2003 C25674 11/14/2025 11/14/2025 Books

Ward no. 6 and other stories /

APA

Chekhov A., . (2003). Ward no. 6 and other stories. New York, NY: Barnes & Noble Classics.

Chicago

Chekhov Anton, . 2003. Ward no. 6 and other stories. New York, NY: Barnes & Noble Classics.

Harvard

Chekhov A., . (2003). Ward no. 6 and other stories. New York, NY: Barnes & Noble Classics.

MLA

Chekhov Anton, . Ward no. 6 and other stories. New York, NY: Barnes & Noble Classics. 2003.

  • Place hold
  • Print
  • Cite
  • Add to your cart (remove)
  • Save record
    BIBTEX Dublin Core MARCXML MARC (non-Unicode/MARC-8) MARC (Unicode/UTF-8) MARC (Unicode/UTF-8, Standard) MODS (XML) RIS
  • More searches
    Search for this title in:
    Other Libraries (WorldCat) Other Databases (Google Scholar) Online Stores (Bookfinder.com) Open Library (openlibrary.org)

Exporting to Dublin Core...

SOUTHVILLE LIBRARY

Southville International School and Colleges Library

1281 Tropical Ave. Cor. Luxembourg St., BF Homes International, Las Pinas City

Tel. No. 8256374 / 252358 Loc. 117/146

Powered by Koha